O Senhor Custódio (Registo nº 200943)
[ vista simples ]
| 000 -Etiqueta do registo | |
|---|---|
| Valores | 00882nam 22002413 4500 |
| 021 ## - Número do Depósito Legal | |
| Código do país | Portugal |
| Número | 83919 |
| 100 ## - Dados gerais de processamento | |
| Dados gerais | 20251126d u||y0pory50 ba |
| 101 ## - Língua de publicação | |
| Língua | Português |
| 102 ## - País de publicação | |
| País | Portugal |
| 200 ## - Titulo e menção de responsabilidade | |
| Título próprio | O Senhor Custódio |
| Primeira menção de responsabilidade | Texto de Raul Brandão |
| Outras menções de responsabilidade | desenhos de Mário Botas |
| 210 ## - Publicação | |
| Local de publicação | [Lisboa] |
| Nome do editor | Quetzal Editores |
| -- | Fundação Casa-Museu Mário Botas |
| Data de publicação | [19--?] |
| 215 ## - Descrição física | |
| Paginação / Volumes | 27, [2] p. |
| Outras indicações físicas | il. ; encadernado |
| Dimensões | 24 cm |
| 225 ## - Colecção | |
| Título próprio da colecção | O Encantador de Serpentes |
| 327 ## - Nota de conteúdo | |
| Texto da nota | . - Oferta com dedicatória dos pais de Mário Botas para o Prof. Dr. Almeida Faria |
| 606 ## - Nome comum usado como assunto | |
| ID Autoridade | 9161 |
| Palavra de ordem | Literatura Infantil Portuguesa |
| Subdivisão assunto | Contos |
| 675 ## - CDU | |
| Notação | 821.134.3-93 |
| Edição | PT |
| Língua | por |
| 700 ## - Autor principal (pessoa individual) | |
| ID Autoridade | 1373 |
| Apelido | Brandão |
| Nome | Raul |
| Datas | 1867-1930 |
| 702 ## - Autor secundário (pessoa individual) | |
| Apelido | Botas |
| Nome | Mário Ferreira da Silva |
| -- | Artista plástico |
| Datas | 1952-1983 |
| ID Autoridade | 13862 |
| 801 ## - Fonte de origem | |
| País | PT |
| Agência | BMMN |
| Regras de catalogação | RPC |
| 830 ## - Notas gerais do catalogador | |
| Criado por | Ana Falardo |
| Indexado por | Ana Falardo |
| 990 ## - Elementos KOHA | |
| Tipo de documento | Livro |
| Situação do levantamento | Biblioteca de origem | Código de barras | Cota | Permissão de empréstimo | Tipo de documento | Nota relativa ao exemplar | Forma de aquisição |
|---|---|---|---|---|---|---|---|
| Biblioteca Municipal de Montemor-o-Novo | 30207 | 821.134.3-93 BRA|SAF | Livro | Acesso condicionado | Oferta |